banner-ar

تاريخ و حضارة الحيثيون / (Record no. 61380)

MARC details
000 -الفاتح
حقل البيانات ثابتة الطول 00852nam a22002417a 4500
005 - وقت وتاريخ اخر تعامل مع التسجيلة
رقم الضبط 20240530110457.0
008 - عناصر البيانات ثابتة الطول - معلومات عامة
حقل البيانات ثابتة الطول 150614s2010 ua g 000 0 ara d
017 ## - رقم الايداع القانونى
رقم الايداع القانونى 2010/22886
المصدر ( الهيئة المختصة) مصر . دار الكتب المصرية
020 ## - الرقم الدولى المعيارى للكتب
الرقم الدولى المعيارى للكتاب 9789774362519
040 ## - مصدر الفهرسة
وكالة الفهرسة الأصلية EG-CaGPL
082 04 - رقم تصنيف ديوى العشرى
رقم الطبعة 21
رقم التصنيف 939.2\
رقم المادة ص ت
100 0# - المدخل الرئيسى - إسم شخصى
الإسم الشخصى صلاح ابو السعد .
245 10 - بيان العنوان
العنوان تاريخ و حضارة الحيثيون /
بيان المسئوليه,etc تاليف صلاح ابو السعد .
250 ## - بيان الطبعة
بيان الطبعة ط1.
260 ## - PUBLICATION, DISTRIBUTION, ETC. (IMPRINT)
تاريخ النشر أو التوزيع 2011 .
300 ## - الوصف المادى
التعداد 256 ص ؛
أبعاد الوعاء 24 سم .
651 04 - المدخل الاضافى بالموضوع - اسم جغرافى
الاسم الجغرافي الحيثيون .
651 04 - المدخل الاضافى بالموضوع - اسم جغرافى
الاسم الجغرافي الحيثيون
التقسيم الفرعي العام ديانات .
651 04 - المدخل الاضافى بالموضوع - اسم جغرافى
الاسم الجغرافي الحيثيون
التقسيم الفرعي العام الاحوال الاقتصادية .
651 04 - المدخل الاضافى بالموضوع - اسم جغرافى
الاسم الجغرافي الحيثيون
التقسيم الفرعي العام تاريخ .
942 ## - عناصر المدخل الإضافي( كوها)
مصدر التصنيف او مخطط الترفيف Dewey Decimal Classification
Koha [default] item type كتاب
260 ## - PUBLICATION, DISTRIBUTION, ETC. (IMPRINT)
-- القاهرة :
-- مكتبة النافذة ،
Holdings
حالة التراجع حالة الفقد حالة تلف ليس للاعارة المكان المؤقت الموقع الحالى تاريخ الاكتساب اجمالي اﻻعارات رقم الطلب الباركود تاريخ اخر مشاهدة تاريخ تفعيل السعر نوع وعاء كوها
        مكتبة القاهرة الكبرى مكتبة القاهرة الكبرى 06/14/2015   939.2\ ص ت 160671 06/14/2015 06/14/2015 كتاب

Powered By

EGPV